000 00655nam a2200217Ia 4500
003 GCL
008 140319s9999 xx 000 0 ara d
040 _aGCL /
_cGCL
082 0 4 _a613.2
_bص غ
100 1 _aصلاح عيد
245 1 0 _aالغذاء المناسب كيف تختاره /
_cصلاح عيد
260 _a[S.N] :
_bمركز الاهرام للترجمة والنشر ،
_c1991
300 _a116 ص
490 _aاعرف صحتك
_v0
650 0 4 _aالكيمياء الحيوية
650 0 4 _aالتغذية
650 0 4 _aالفيتامينات
650 0 4 _aالبروتينات
650 0 4 _aالاغذية
942 _2ddc
_cBK
999 _c31264
_d31264